000 00632nam a2200241Ia 4500
003 OSt
005 20221007074150.0
006 a|||||r|||| 00| 0
007 ta
008 221006b |||||||| |||| 00| 0 eng d
024 _a21,602
037 _cTextual
040 _aFLL
_cFLL
_beng
041 _2eng
_aeng
082 _aZ22:83, J0
100 _aKrishnamurthi K.
_9349188
245 0 _aThe Indian stamp act
250 _a5th
260 _aMadras
_bThe Madras Law Journal Office India
_c1950
300 _axlviii,762p
_ccm.
942 _hZ22:83, J0
_cTEXL
_2CC
999 _c1151397
_d1151397